|
|
|
|
| LEADER |
00000nab a22000005a 4500 |
| 001 |
AR-BbUGT10155 |
| 003 |
AR-BbUGT |
| 005 |
20210610195827.0 |
| 007 |
ta |
| 008 |
191003s1982 ag |||p |||| 00| 0 spa d |
| 040 |
|
|
|a AR-BbUGT
|b spa
|c AR-BbUGT
|e rca
|
| 041 |
0 |
|
|a spa
|
| 100 |
1 |
|
|9 674
|a Gray de Cerdán, Nelly Amalia.
|
| 245 |
|
|
|a Los modelos de uso del suelo en la zona pericentral mendocina /
|c Nelly Amalia Gray de Cerdan, Rosa Schilan de Becette, Oscar Alfredo Razquin.
|
| 300 |
|
|
|a p. 187-239
|
| 530 |
|
|
|a También disponible en formato digital.
|
| 651 |
|
4 |
|a Mendoza (Argentina : Provincia)
|9 368
|
| 653 |
|
0 |
|a Ciudades
|
| 653 |
|
0 |
|a Uso del suelo
|
| 653 |
|
0 |
|a Crecimiento demográfico
|
| 653 |
|
0 |
|a Zonas urbanas
|
| 653 |
|
0 |
|a Espacio urbano
|
| 773 |
0 |
|
|t Boletín de Estudios Geográficos
|x 0374-6186
|w AR-BbUGT7016
|d Mendoza : Universidad Nacional de Cuyo, Facultad de Filosofía y Letras, 1948 - .
|g Vol. 21, no. 81 (jul. - dic. 1982), 187-239
|q 21: 81<187.
|
| 856 |
4 |
1 |
|3 Texto completo.
|u http://bdigital.uncu.edu.ar/objetos_digitales/10904/02-gray-de-cerdn-schilan-razquin.pdf
|z Biblioteca Digital Universidad Nacional de Cuyo.
|
| 942 |
|
|
|2 ddc
|c ARTPP
|
| 999 |
|
|
|c 15884
|d 15884
|